Statistiken für Sieger des UEFA Super Cups

Klicken Sie hier um das Quiz zu spielen!

Allgemein

  • Dieses Quiz wurde 81 mal gespielt
  • Das Durchschnittsergebnis liegt bei 31 aus 47

Antwortstatistiken

SaisonSieger% Korrekt
2020Bayern München
97%
2013Bayern München
97%
2021Chelsea
97%
1998Chelsea
97%
2022Real Madrid
97%
2014Real Madrid
97%
2002Real Madrid
97%
2016Real Madrid
97%
2017Real Madrid
97%
2019Liverpool
94%
2001Liverpool
94%
2005Liverpool
94%
2015Barcelona
93%
1997Barcelona
93%
1992Barcelona
93%
2011Barcelona
93%
2009Barcelona
93%
1990AC Mailand
90%
2007AC Mailand
90%
1994AC Mailand
90%
1989AC Mailand
90%
2003AC Mailand
90%
1991Manchester United
86%
1996Juventus Turin
82%
1984Juventus Turin
82%
1973Ajax
80%
1995Ajax
80%
2006Sevilla
80%
1987Porto
62%
2012Atlético Madrid
58%
2010Atlético Madrid
58%
2018Atlético Madrid
58%
1999Lazio Rom
41%
1979Nottingham Forest
41%
1980Valencia
38%
2004Valencia
38%
1982Aston Villa
25%
2008Zenit St. Petersburg
21%
1977Liverpool
20%
1978Anderlecht
15%
1976Anderlecht
15%
1993Parma
11%
2000Galatasaray Istanbul
10%
1986Steaua Bukarest
7%
1975Dynamo Kiew
4%
1988KV Mechelen
4%
1983Aberdeen
3%

Verteilung der Resultate

Perzentil nach korrekt beantworteten Fragen

Anzahl Personen mit jedem Resultat

Ihre Resultats-Entwicklung

Sie haben dieses Quiz noch nicht gespielt